Online
Catalog

Qué ha dicho verdaderamente Teilhard de Chardin / (Record no. 24236)

MARC details
000 -CABECERA
campo de control de longitud fija 00911nam a2200241 a 4500
001 - NÚMERO DE CONTROL
campo de control 000024743
005 - FECHA Y HORA DE LA ÚLTIMA TRANSACCIÓN
campo de control 20200930023337.0
008 - DATOS DE LONGITUD FIJA--INFORMACIÓN GENERAL
campo de control de longitud fija 110203s1972 sp r 000 0 spa d
040 ## - FUENTE DE LA CATALOGACIÓN
Centro catalogador/agencia de origen DO-SdBNP
Lengua de catalogación spa
Centro/agencia transcriptor BNPHU
041 17 - CÓDIGO DE LENGUA
Código de lengua del texto/banda sonora o título independiente spa
Código de lengua original ita
Fuente del código Código de idiomas MARC
082 ## - NÚMERO DE LA CLASIFICACIÓN DECIMAL DEWEY
Número de clasificación nn*
Número de documento/Ítem nn*
049 ## - FONDOS LOCALES (OCLC)
Fondos de biblioteca BNGR
100 1# - ENTRADA PRINCIPAL--NOMBRE DE PERSONA
Nombre de persona Quinzio, Sergio.
9 (RLIN) 50767
240 10 - TÍTULO UNIFORME
Título uniforme Che cosa ha veramente detto teilhard de chardin.
Lenguaje de la obra Español
245 10 - MENCIÓN DE TÍTULO
Título Qué ha dicho verdaderamente Teilhard de Chardin /
Mención de responsabilidad, etc. Sergio Quinzio ; traducción de Angel Sánchez-Gijón Martínez.
260 ## - PUBLICACIÓN, DISTRIBUCIÓN, ETC.
Lugar de publicación, distribución, etc. Madrid :
Nombre del editor, distribuidor, etc. Doncel,
Fecha de publicación, distribución, etc. 1972.
300 ## - DESCRIPCIÓN FÍSICA
Extensión 174 p. ;
Dimensiones 18 cm.
490 1# - MENCIÓN DE SERIE
Mención de serie Qué ha dicho verdaderamente.
Designación de volumen o secuencia 14
534 ## - NOTA SOBRE LA VERSIÓN ORIGINAL
Encabezamiento principal del original Título original :
Mención de título del original Che cosa ha veramente detto teilhard de chardin
504 ## - NOTA DE BIBLIOGRAFÍA, ETC.
Nota de bibliografía, etc. Bibliografía : [166]-171 p.
700 1# - PUNTO DE ACCESO ADICIONAL--NOMBRE DE PERSONA
Nombre de persona Sánchez-Gijón Martínez, Angel,
Término indicativo de función/relación tr.
9 (RLIN) 50768
830 #0 - PUNTO DE ACCESO ADICIONAL DE SERIE-TÍTULO UNIFORME
Título uniforme Qué ha dicho verdaderamente
Designación de volumen o secuencia 14
9 (RLIN) 33187
Holdings
Estado de retiro Estado de pérdida Restricciones de uso No para préstamo Código de colección Localización permanente Ubicación/localización actual Ubicación en estantería Fecha de adquisición Número de inventario Total de préstamos Signatura topográfica completa Código de barras Fecha visto por última vez Precio válido a partir de Tipo de ítem Koha Número de copia
        Monografías: Libros y Folletos General General En catalogación 03.02.2011 LF1   nn* nn* 24743-10 25.06.2020 25.06.2020 Préstamo en sala  
      Préstamo restrigido Monografías: Libros y Folletos General General En catalogación 17.02.2011 LF1   nn* nn* 24743-20 25.06.2020 25.06.2020 Préstamo en sala e. 2

Powered by Koha